| 000 | 00571nam a2200193Ia 4500 | ||
|---|---|---|---|
| 005 | 20260429112038.0 | ||
| 008 | 260429s9999||||xx |||||||||||||| ||und|| | ||
| 020 | _a9781804896969 | ||
| 041 | _aEnglish | ||
| 082 |
_a338.1 _bBYE |
||
| 100 | _aByers, Mercedes | ||
| 245 | 0 |
_aRole of agriculture in modern economic development / _cMercedes Byers |
|
| 260 |
_aUnited Kingdom : _bBrilliant Publication Ltd. , _c2026. |
||
| 300 | _aviii, 280p.; hb | ||
| 650 | _a Economic development | ||
| 650 | _a Rural development | ||
| 650 | _aAgricultural economics | ||
| 942 | _cTB | ||
| 999 |
_c52065 _d52065 |
||